00928cam a22002771a 4500001001300000003000400013005001700017008004100034010001700075035002000092040001700112041001100129050002200140100003000162245004800192246004300240250001200283260005000295300002900345546002500374650004500399650006800444650006800512650005300580999001700633sa 68015297 DLC20260227112642.0950316s1966 ph d 000 0 tgl  asa 68015297  a(OCoLC)32158707 aDLCcWUdDLC0 atageng00aPL6056b.P32 19661 aPanganiban, José Villa.10aTesauro diksiyunaryo Ingles-Pilipino, 1946.21aThesaurus dictionary, English-Pilipino a1st ed. aSan Juan, Rizal :bLimbagang Pilipino,c1966. aii, 1363 p., v ;c28 cm. aTagalog and English. 0aEnglish languagexDictionariesxTagalog. 0aEnglish languagexSynonyms and antonymsxDictionariesxTagalog. 0aTagalog languagexSynonyms and antonymsxDictionariesxEnglish. 0aTagalog languagexGlossaries, vocabularies, etc. c86376d86376